000 00376nam a2200145Ia 4500
008 230917s9999||||xx |||||||||||||| ||und||
040 _e48928
_aMAIN
041 _aEnglish
082 _a824.209 J636M
100 _aJohnson, Robbin S
245 0 _aMore's Utopia: Ideal and illusion
260 _aNew Heaven
_bYale University Press
_c1969
300 _aix, 166 p.
942 _cBK
999 _c59804
_d59804